[Event "GCT Saint Louis Blitz 2019"]
[Site "Saint Louis"]
[Date "2019.08.13"]
[Round "2"]
[White "Karjakin, Sergey"]
[Black "Carlsen, Magnus"]
[Result "1-0"]
[WhiteElo "2750"]
[BlackElo "2882"]
[Annotator "TA"]
[PlyCount "129"]
[EventDate "2019.08.13"]
[EventType "tourn"]
[EventCountry "USA"]
[SourceTitle "playchess.com"]
[Source "ChessBase"]
[SourceQuality "1"]

{[%evp 23,129,31,43,23,35,4,46,48,46,41,53,51,40,41,47,46,46,46,46,47,52,47,64,69,80,34,20,2,10,0,0,0,54,54,50,42,45,42,52,52,43,0,40,8,14,0,12,2,32,28,33,20,26,7,15,8,85,22,93,74,81,8,62,69,69,69,62,68,143,142,153,20,91,16,111,116,195,150,620,649,717,702,677,651,866,902,892,868,1280,1262,1480,1420,29951,29952,29953,29945,29960,29957,29948,29953,29943,12591,11902,9128,12839,10117,29977,29978]} 1. d4 e6 2. e4 d5 3. Nc3 Nf6 4. e5 Nfd7 5. f4 c5 6. Nf3 Nc6 7. Be3 cxd4 8. Nxd4 Bc5 9. Qd2 Bxd4 10. Bxd4 Nxd4 11. Qxd4 Qb6 12. Qxb6 Nxb6 13. h4 {C11: French: Classical System: 4 e5 and 4 Bg5 dxe4} (13. Nb5 Ke7 14. Nd4 f6 15. exf6+ gxf6 16. O-O-O Bd7 17. Bd3 e5 18. Nf5+ Bxf5 19. Bxf5 Kd6 20. Rhf1 Rag8 21. g3 h5 {½-½ (39) Antipov,M (2598)-Meier,G (2638) Linares 2018}) 13... Bd7 $146 ({Predecessor:} 13... h5 14. Nb5 Ke7 15. b3 Bd7 16. Nd4 a5 17. a3 g6 18. Kd2 Nc8 19. Bd3 Na7 20. b4 axb4 21. axb4 {½-½ (44) Krassowizkij,J (2400)-Smolny,F (2169) Schwaebisch Gmuend 2013}) 14. h5 h6 15. O-O-O {White is slightly better.} Ke7 16. Bd3 a6 17. Rh3 Na4 18. Ne2 Nc5 19. Nd4 Rac8 20. Rg3 Rhg8 21. Kd2 Bb5 22. f5 Bd7 23. fxe6 $1 Bxe6 24. Ke3 Nd7 25. Bh7 Rh8 $1 {[%cal Rh8h7]} 26. Rxg7 Nxe5 27. Rf1 Rce8 (27... Bd7 $11 28. Bf5 Rcg8 29. Rxg8 Rxg8) 28. Nxe6 $14 Kxe6 29. Kd4 Kd6 30. Bd3 Nc6+ 31. Kc3 Ne5 32. Kd4 Re6 33. Bf5 Rf6 34. Bd3 Nc6+ 35. Ke3 Rxf1 36. Bxf1 $11 {[%mdl 4096] Endgame KRB-KRN} Ke6 37. Rg4 Re8 {Hoping for ...Kf5+.} 38. Bd3 Ne5 39. Rb4 Re7 (39... b5 $11) 40. Kf4 (40. Rb6+ $16 Nc6 41. Kf4) 40... Nc6 (40... b5 $11) 41. Rb6 $16 {aiming for Bxa6!} Kd6 {[#]} 42. g4 (42. a4 $1 $16) 42... Kc5 (42... Kc7 $1 $11 43. Rb3 Nd4) 43. Rb3 $14 Nd4 44. Rc3+ Kd6 45. Rc8 Re1 (45... Ne6+ $14 46. Kg3 Ng5) 46. Rh8 $16 Ne6+ 47. Kg3 ({White should try} 47. Kf5 $16) 47... Ke5 (47... Rg1+ $11 {keeps the balance.} 48. Kf3 Ke5) 48. Rxh6 (48. Kf2 $16 Rb1 49. b3 (49. Rxh6 Rh1 $16)) 48... Re3+ (48... Rg1+ $11 49. Kf3 Nd4+ 50. Kf2 Rxg4) 49. Kf2 d4 (49... Rh3 $16 50. Bh7 a5) 50. Rh8 {Black must now prevent h6.} Ng5 $2 (50... Kf4 $16 51. Rb8 Nc5) 51. Re8+ $18 Kf4 {[#]} 52. Rxe3 $1 dxe3+ {KB-KN} 53. Ke2 Kxg4 54. h6 f5 55. Kxe3 a5 56. a4 b6 57. c3 Kh5 58. Bxf5 Kxh6 59. Kd4 Kg7 60. Kd5 Kf6 61. Bc2 Nf3 62. Kc6 Ne5+ 63. Kxb6 Nc4+ 64. Kc5 Nxb2 65. Kd4 {Accuracy: White = 57%, Black = 22%.} 1-0

[Event "GCT Saint Louis Blitz 2019"]
[Site "Saint Louis"]
[Date "2019.08.13"]
[Round "2"]
[White "Rapport, Richard"]
[Black "Vachier-Lagrave, Maxime"]
[Result "1-0"]
[WhiteElo "2747"]
[BlackElo "2778"]
[Annotator "RC"]
[PlyCount "73"]
[EventDate "2019.08.13"]
[EventType "tourn"]
[EventCountry "USA"]
[SourceTitle "playchess.com"]
[Source "ChessBase"]
[SourceQuality "1"]
[TimeMode "Bronstein"]
[TimeControl "300+3"]

1. d4 {[%emt 0:00:00]} Nf6 {[%emt 0:00:00]} 2. Bg5 {[%emt 0:00:00]} d5 {[%emt 0:00:00]} 3. e3 {[%emt 0:00:00]} c5 {[%emt 0:00:00]} 4. c3 {[%emt 0:00:00]} Qb6 {[%emt 0:00:12]} 5. Qc2 {[%emt 0:00:00]} Nc6 {[%emt 0:00:04]} 6. Nd2 {[%emt 0:00:00]} e6 {[%emt 0:00:15]} 7. Ngf3 {[%emt 0:00:02]} Be7 {[%emt 0:00:03]} 8. Bd3 {[%emt 0:00:05]} h6 {[%emt 0:00:13]} 9. Bh4 {[%emt 0:00:03]} Bd7 {[%emt 0:00:03]} 10. a3 {[%emt 0:00:07]} Rc8 {[%emt 0:00:03]} 11. Qb1 {[%emt 0:00:12]} cxd4 {[%emt 0:00:06]} 12. exd4 {[%emt 0:00:06]} O-O {[%emt 0:00:07]} 13. O-O {[%emt 0:00:06]} Nh5 {[%emt 0:00:20]} 14. Ne5 {[%emt 0:00:04]} Nxe5 {[%emt 0:00:20]} 15. Bh7+ {[%emt 0:00:05]} Kh8 {[%emt 0:00:03]} 16. Bxe7 {[%emt 0:00:03]} Rfe8 {[%emt 0:00:03]} 17. Bh4 {[%emt 0:00:21]} f5 {[%emt 0:00:09]} 18. dxe5 {[%emt 0:00:28]} Kxh7 {[%emt 0:00:03]} 19. Nf3 {[%emt 0:00:24]} Rc4 {[%emt 0:00:15]} 20. Rd1 {[%emt 0:00:31]} Re4 {[%emt 0:00:14]} 21. Rd4 {[%emt 0:00:31]} g5 {[%emt 0:00:10]} 22. Bxg5 {[%emt 0:00:04]} Rxd4 {[%emt 0:00:03]} 23. Be3 {[%emt 0:00:03]} Re4 {[%emt 0:00:16]} 24. Bxb6 {[%emt 0:00:03]} axb6 {[%emt 0:00:03]} 25. Qc2 {[%emt 0:00:12]} Nf4 {[%emt 0:00:06]} 26. Re1 {[%emt 0:00:04]} Ng6 {[%emt 0:00:13]} 27. Qb3 {[%emt 0:00:14]} b5 {[%emt 0:00:03]} 28. Rxe4 fxe4 29. Nd4 {[%emt 0:00:06]} Nxe5 {[%emt 0:00:03]} 30. Qb4 {[%emt 0:00:03]} Bc6 {[%emt 0:00:10]} 31. Qd6 {[%emt 0:00:07]} Nc4 {[%emt 0:00:05]} 32. Qf4 {[%emt 0:00:07]} Kg6 {[%emt 0:00:05]} 33. b3 {[%emt 0:00:03]} Nb6 {[%emt 0:00:05]} 34. Qg4+ {[%emt 0:00:05]} Kf6 {[%emt 0:00:04]} 35. Qh5 {[%emt 0:00:03]} Rh8 {[%emt 0:00:08]} 36. Nxe6 {[%emt 0:00:09]} Be8 {[%emt 0:00:03]} 37. Qg4 {[%emt 0:00:03]} 1-0

[Event "GCT Saint Louis Blitz 2019"]
[Site "Saint Louis"]
[Date "2019.08.13"]
[Round "3"]
[White "Carlsen, Magnus"]
[Black "Mamedyarov, Shakhriyar"]
[Result "1-0"]
[WhiteElo "2882"]
[BlackElo "2764"]
[Annotator "TA"]
[PlyCount "53"]
[EventDate "2019.08.13"]
[EventType "tourn"]
[EventCountry "USA"]
[SourceTitle "playchess.com"]
[Source "ChessBase"]
[SourceQuality "1"]

{[%evp 20,53,10,7,6,3,30,30,56,52,55,62,91,78,101,87,90,94,94,94,106,105,103,116,105,83,83,76,70,69,246,282,461,454,444,445]} 1. d4 Nf6 2. c4 b6 3. Nc3 Bb7 4. Nf3 e6 5. g3 Bb4 6. Bd2 Bxc3 7. Bxc3 Ne4 8. Rc1 O-O 9. Bg2 d6 10. O-O Nxc3 11. Rxc3 Nd7 {E16: Queen's Indian: 4 g3 Bb7 5 Bg2 Bb4+} 12. d5 Nf6 $146 {[%cal Re6d5]} ({Predecessor:} 12... e5 13. e4 Qe7 14. Qc2 g6 15. b4 a5 16. a3 axb4 17. axb4 f5 18. exf5 gxf5 19. Nd2 {½-½ (39) Bruzon Batista,L (2659)-Del Rio de Angelis,S (2512) Bilbao 2015}) 13. Ne1 exd5 {White has an edge.} 14. cxd5 Re8 15. Nc2 Qd7 16. Ne3 Re7 17. Qc2 g6 18. Rc1 Rc8 19. Qd3 Ng4 20. Nxg4 Qxg4 21. e3 Qd7 22. Qd4 f5 23. h4 Qe8 24. e4 fxe4 $2 (24... Qf7 $14) 25. Bh3 $18 c5 $2 (25... Qf7 26. Be6 Rxe6 27. dxe6 Qe7) 26. dxc6 $1 {[%mdl 64] [#] Discovered Attack} Rxc6 27. Qd5+ {Accuracy: White = 94%, Black = 37%.} 1-0

[Event "GCT Saint Louis Blitz 2019"]
[Site "Saint Louis"]
[Date "2019.08.13"]
[Round "3"]
[White "Vachier-Lagrave, Maxime"]
[Black "Karjakin, Sergey"]
[Result "1/2-1/2"]
[WhiteElo "2778"]
[BlackElo "2750"]
[Annotator "TA"]
[PlyCount "98"]
[EventDate "2019.08.13"]
[EventType "tourn"]
[EventCountry "USA"]
[SourceTitle "playchess.com"]
[Source "ChessBase"]
[SourceQuality "1"]

{[%evp 18,98,14,14,33,15,12,10,31,16,19,20,13,0,0,0,0,0,0,0,0,0,0,0,0,0,0,-13,0,-56,-22,-75,-65,-56,-55,-60,-62,-60,-61,-69,-74,-83,-76,-77,-77,-69,-24,-25,-22,-25,-25,-25,-31,-25,-11,-37,-34,-70,-70,-72,-72,-62,-31,-31,-35,-37,-37,-33,-25,-25,-18,-18,-18,-18,-18,-18,-18,-18,-18,-18,0,-18,-18]} 1. e4 e5 2. Nf3 Nc6 3. Bb5 Nf6 4. O-O Nxe4 5. d4 Nd6 6. Bxc6 dxc6 7. dxe5 Nf5 8. Qxd8+ Kxd8 9. h3 Ke8 10. Nc3 h5 {C67: Ruy Lopez: Berlin Defence: 4 0-0 Nxe4} 11. Bf4 $146 (11. Ne2 b6 12. Bg5 c5 13. Nc3 Bb7 14. Rfd1 Bxf3 15. gxf3 c6 16. Rd3 Be7 17. Ne4 Rd8 18. Rad1 Rxd3 19. Rxd3 Bxg5 20. Nxg5 {½-½ (33) Vachier Lagrave,M (2781)-Nakamura,H (2746) London 2018}) 11... Be7 12. Rad1 Be6 13. Ng5 Rh6 14. Rfe1 Bb4 15. a3 Bxc3 16. bxc3 h4 17. Ne4 Rg6 18. g4 hxg3 $1 19. fxg3 Kf8 20. Kh2 Ne7 21. g4 Re8 22. Rd3 Kg8 23. Ng3 (23. Bd2 $11) 23... Bd5 24. Rde3 (24. Ne4 $11 {remains equal.}) 24... c5 25. e6 Rxe6 26. Bxc7 Rxe3 27. Rxe3 Be6 {[#] aiming for ...Nd5.} 28. Bd6 Nd5 29. Rf3 b6 30. Kg1 f6 31. Kf2 Bf7 32. c4 {[#] Hoping for Nf5.} Ne7 33. Re3 Nc6 34. Rxe8+ Bxe8 $11 {[%mdl 4096] Endgame KBN-KBN} 35. Nf5 Kf7 36. Bf4 Bd7 37. Nd6+ Ke7 38. Ke3 g5 39. Bg3 Be6 40. Kd3 Bg8 41. Nf5+ Kd7 42. Ne3 Bh7+ 43. Kd2 Be4 44. h4 {The position is equal.} gxh4 45. Bxh4 Ke6 46. Bg3 Ne5 47. Bf4 Bb7 48. Kc3 Be4 49. Kd2 Bc6 {Accuracy: White = 62%, Black = 68%.} 1/2-1/2

[Event "GCT Saint Louis Blitz 2019"]
[Site "Saint Louis"]
[Date "2019.08.13"]
[Round "3"]
[White "Aronian, Levon"]
[Black "Ding, Liren"]
[Result "1/2-1/2"]
[WhiteElo "2765"]
[BlackElo "2805"]
[Annotator "TA"]
[PlyCount "97"]
[EventDate "2019.08.13"]
[EventType "tourn"]
[EventCountry "USA"]
[SourceTitle "playchess.com"]
[Source "ChessBase"]
[SourceQuality "1"]

{[%evp 9,97,0,2,4,14,22,46,15,12,12,10,10,14,8,14,10,18,0,57,0,-2,-23,-13,-37,-22,-168,-89,-115,-58,-61,-62,-133,-84,-85,-88,-95,-79,-200,-129,-177,-170,-167,-138,-120,0,0,0,0,0,-7,-16,-143,-121,-411,-389,-354,-8,-8,-7,-4,-1,-1,-4,-8,-8,-8,0,0,0,0,0,-1,-1,-8,0,0,7,0,0,-8,-8,-11,-9,-12,-12,-12,-9,-17,-17,-17]} 1. e4 c5 2. Nf3 d6 3. Bc4 Nf6 4. d3 Nc6 5. O-O Bg4 6. h3 {B50: Sicilian: 2...d6, Miscellaneous} Bxf3 (6... Bh5 {looks sharper.} 7. g4 Bg6 8. Bb3 e6 9. Nc3 Be7) 7. Qxf3 g6 8. Nc3 {White is slightly better.} Bg7 9. Qd1 O-O 10. a3 a6 11. Bg5 b5 12. Ba2 Rb8 $146 ({Predecessor:} 12... e6 13. Qd2 {½-½ (67) Kramnik,V (2779)-Xiong,J (2656) Douglas 2018}) 13. Qd2 a5 (13... e6 $11) 14. Rae1 (14. a4 $14) 14... b4 $11 15. axb4 axb4 16. Nd5 e6 $36 {[%mdl 2048] Black has some pressure.} 17. Ne3 {[#]} (17. Nxf6+ $11 {and White stays safe.} Bxf6 18. h4) 17... h6 (17... Nxe4 $1 $19 {[%mdl 512]} 18. dxe4 Qxg5 19. Qxd6 Rbc8) 18. Bh4 {[#]} g5 ({Better is} 18... Nxe4 $1 $17 {[%mdl 512]} 19. dxe4 Qxh4 20. Qxd6 Nd4) 19. Bg3 $15 Nh5 20. Bh2 (20. Rb1 $15) 20... Bxb2 {aiming for ...Bc3.} 21. Qd1 Nf4 {White must now prevent ...Bc3.} 22. g3 Ng6 {Strongly threatening ...Bc3.} ({But not} 22... Nxh3+ $6 23. Kg2 $11) 23. f4 (23. Qh5 $17 {was forced.}) 23... Kh7 24. f5 Nge5 25. fxe6 fxe6 26. Bxe6 Nd4 ({Black should play} 26... Rxf1+ $1 $17 27. Rxf1 Bd4) 27. Rxf8 $1 $11 Qxf8 28. Rf1 Qe7 29. Bf5+ Kg7 30. h4 {[#]} (30. g4 $11) 30... Ra8 $1 $17 31. Nd5 $2 {[%mdl 8192]} (31. Kg2 $17 {was necessary.}) 31... Qf7 $19 {Hoping for ...Ra1.} 32. Bg4 {[#]} Ra1 $2 ({Inferior is} 32... Qxf1+ 33. Kxf1 Ra1 34. Kg2 $11) (32... Qb7 $1 $19 33. Qb1 Nxg4 34. Qxb2 Rf8 35. Rxf8 Kxf8) 33. Rxf7+ $11 {The position is equal.} Kxf7 34. Kg2 Rxd1 35. Bxd1 b3 36. cxb3 Nxd3 37. Bg1 Nc1 38. hxg5 hxg5 39. b4 Nd3 40. bxc5 dxc5 41. Be3 c4 42. Nb6 Ne5 43. Na4 ({Much weaker is} 43. Bxg5 c3 $17) 43... Ba1 44. Bxg5 c3 {White should prevent ...c2.} 45. Bh5+ Kg7 {Threatens to win with ...c2.} 46. Nxc3 Bxc3 47. Bf4 Ne6 48. Bxe5+ Bxe5 49. Bg4 {Accuracy: White = 37%, Black = 44%.} 1/2-1/2

[Event "GCT Saint Louis Blitz 2019"]
[Site "Saint Louis"]
[Date "2019.08.13"]
[Round "3"]
[White "Dominguez Perez, Leinier"]
[Black "Caruana, Fabiano"]
[Result "1/2-1/2"]
[WhiteElo "2763"]
[BlackElo "2818"]
[Annotator "TA"]
[PlyCount "82"]
[EventDate "2019.08.13"]
[EventType "tourn"]
[EventCountry "USA"]
[SourceTitle "playchess.com"]
[Source "ChessBase"]
[SourceQuality "1"]

{[%evp 19,82,17,26,20,29,6,12,6,9,0,12,0,21,9,16,13,16,8,9,17,11,28,12,17,6,16,45,45,95,96,142,112,115,102,95,21,66,66,76,72,83,29,37,33,61,51,48,12,27,30,16,0,4,6,62,12,9,0,0,0,0,0,0,0,0]} 1. e4 e5 2. Nf3 Nc6 3. Bb5 a6 4. Ba4 Nf6 5. O-O Be7 6. Re1 b5 7. Bb3 O-O 8. a4 b4 9. d4 d6 10. dxe5 dxe5 11. Nbd2 {C88: Closed Ruy Lopez: Anti-Marshall Systems} Bc5 12. Qe2 h6 13. h3 Qe7 14. Nc4 Be6 15. Be3 Nd7 16. a5 {[#]} Rfd8 $146 ({Predecessor:} 16... Bxe3 17. Nxe3 Bxb3 18. cxb3 Nd4 19. Nxd4 exd4 {0-1 (62) Dominguez Perez,L (2732)-Karjakin,S (2762) Berlin 2015}) 17. Red1 Rab8 18. Ba4 Bxe3 19. Nxe3 Nd4 20. Nxd4 exd4 21. Rxd4 Nc5 22. Rxd8+ Rxd8 23. Bc6 Qg5 24. Bd5 Rd6 25. Qc4 Nxe4 {[%cal Re6d5][%mdl 64] [#] Remove Defender} 26. Qxe4 Bxd5 27. Nxd5 (27. Qxb4 $16 {Black must now prevent Qb8+.} Be6 28. Qb8+ Qd8 29. Qxd8+ Rxd8 30. Ra3) 27... Qxd5 28. Qxb4 $16 {[%mdl 4096] Endgame KQR-KQR} Rg6 {[%csl Gg6][%cal Rd5g2]} 29. g3 Rc6 30. c3 ({Better is} 30. Qb7 $16) 30... Qd2 $11 31. Rf1 g6 32. Qb7 Re6 33. Qb8+ Kg7 34. Qxc7 {b4 is the strong threat.} Qxb2 35. h4 h5 36. Qc5 Qd2 (36... Qc2 $11) 37. Rb1 Rf6 {The position is equal.} 38. Rb6 {[#] aiming for Rxf6.} Rf5 39. Qd4+ Qxd4 40. cxd4 Rxa5 41. d5 Rxd5 {Accuracy: White = 32%, Black = 64%.} 1/2-1/2

[Event "GCT Saint Louis Blitz 2019"]
[Site "Saint Louis"]
[Date "2019.08.13"]
[Round "3"]
[White "Yu, Yangyi"]
[Black "Rapport, Richard"]
[Result "1/2-1/2"]
[WhiteElo "2752"]
[BlackElo "2747"]
[Annotator "TA"]
[PlyCount "85"]
[EventDate "2019.08.13"]
[EventType "tourn"]
[EventCountry "USA"]
[SourceTitle "playchess.com"]
[Source "ChessBase"]
[SourceQuality "1"]

{[%evp 11,85,9,11,11,22,21,41,6,23,0,25,19,25,23,18,0,0,0,0,-25,14,-49,-57,-46,-47,-129,-126,-126,0,0,0,7,24,30,230,240,224,179,166,61,31,8,7,12,57,12,24,-14,40,0,28,0,-2,-6,-7,-13,-2,-14,-13,-20,-30,-25,-20,-27,-10,-24,-27,-28,-25,-23,-30,-29,-13,-36,-10,-10]} 1. e4 e6 2. d4 d5 3. exd5 exd5 4. Bd3 Nc6 5. c3 Bd6 6. Qf3 Be6 7. Bf4 {C01: French: Exchange Variation} (7. Ne2 Qd7 8. h3 O-O-O 9. Be3 Nge7 10. Bf4 Bxf4 11. Nxf4 g5 12. Nxe6 fxe6 13. Nd2 e5 14. dxe5 Nxe5 15. Qg3 Nxd3+ 16. Qxd3 {0-1 (25) Horvath,A (2536)-Rapport,R (2676) Hungary 2014}) 7... Nf6 8. Ne2 O-O {With the idea ...Bg4.} 9. Bxd6 $146 {White is slightly better.} ({Predecessor:} 9. O-O Bg4 10. Qg3 Bxe2 11. Bxe2 Re8 12. Bd3 Ne4 13. Bxe4 Rxe4 14. Bxd6 Qxd6 {0-1 (70) Guddahl,V (2196)-Brynell,S (2489) Oslo 2001}) 9... Qxd6 10. Qf4 Rad8 (10... Qd7 {with more complications.} 11. O-O Ne7 12. Ng3 Ng6 13. Qc1 h5) 11. Na3 Ne7 {[%cal Bc6e7,Be7g6,Bg6h4][%mdl 32]} 12. Qxd6 Rxd6 13. Ng3 Ng6 14. Ne2 Nh4 15. O-O Bf5 16. Nf4 {[#]} (16. Bxf5 $11 Nxf5 17. Nf4) 16... Nh5 $1 $15 {[%mdl 512]} 17. Nxh5 {And now Bxf5 would win.} Bxd3 18. Rfe1 (18. Rfc1 $1 $15) 18... Rb6 $1 $17 19. Re3 {[#]} Bf5 (19... Be4 $1 $17 20. Rg3 Bg6) 20. b3 $11 c6 21. Nb1 c5 22. dxc5 Rb5 $2 (22... Rc6 $11) 23. b4 $18 d4 24. Rg3 dxc3 {[#] White must now prevent ...c2.} 25. Nxc3 ({Resist} 25. Rxg7+ $6 Kh8 $14) ({White has to play} 25. Nf6+ $1 $18 Kh8 26. Nd5 Bxb1 27. Rxb1) 25... Rxb4 $14 26. Nxg7 Bg6 $36 {[%mdl 2048] Black fights for an advantage.} 27. Nh5 Rd8 28. Nf6+ Kg7 29. Nfd5 Rd4 (29... Rc4 $11) 30. Ne7 {Hoping for c6.} Rc4 31. c6 bxc6 32. Nxg6 hxg6 33. Nd1 $1 Ra4 {Threatening ...Rxa2!} 34. h3 Nf5 35. Rb3 Rd2 36. Rb2 Rd3 37. Rc1 {[#]} c5 $1 {[%cal Bc6c5,Bc5c4,Bc4c3][%mdl 544]} 38. Ne3 (38. Rxc5 Rxd1+) 38... Nxe3 39. fxe3 c4 40. Kf2 c3 41. Rbc2 Rd2+ 42. Kf3 Rxa2 43. Rxa2 {Accuracy: White = 40%, Black = 46%.} 1/2-1/2

[Event "GCT Saint Louis Blitz 2019"]
[Site "Saint Louis"]
[Date "2019.08.13"]
[Round "4"]
[White "Caruana, Fabiano"]
[Black "Aronian, Levon"]
[Result "1/2-1/2"]
[WhiteElo "2818"]
[BlackElo "2765"]
[Annotator "TA"]
[PlyCount "93"]
[EventDate "2019.08.13"]
[EventType "tourn"]
[EventCountry "USA"]
[SourceTitle "playchess.com"]
[Source "ChessBase"]
[SourceQuality "1"]

{[%evp 12,93,7,0,9,-11,-11,-48,-33,-48,-31,-42,-17,-113,-58,-50,-35,-97,-22,-57,-60,-47,-54,-50,0,-28,0,-52,-47,-112,7,-122,-117,-125,-117,-114,-29,-34,-35,-38,-20,-48,-45,-23,0,-160,-89,-207,-89,-98,0,0,0,-93,-65,-62,-68,-127,-121,-272,-75,-146,-17,-29984,-268,-213,-28,-24,-31,-170,-120,-225,-154,-161,-103,-120,-60,-52,0,0,0,-47,0,0]} 1. c4 Nf6 2. Nc3 e5 3. Nf3 Nc6 4. e3 Bb4 5. Qc2 Bxc3 6. Qxc3 Qe7 7. a3 d5 {A28: English Opening: Four Knights Variation} 8. b4 (8. d4 exd4 9. Nxd4 Ne5 10. cxd5 Nxd5 11. Qc2 O-O 12. b4 Bg4 13. Be2 Bxe2 14. Qxe2 c5 15. bxc5 Qxc5 {0-1 (48) Khismatullin,D (2632)-Georgiev,K (2623) Riadh 2017}) 8... d4 9. Qc2 Bg4 {Black is slightly better.} 10. b5 $146 ({Predecessor:} 10. e4 O-O 11. h3 Bh5 12. b5 Nd8 13. d3 c6 14. a4 Qc7 15. g4 {½-½ (36) Smail,J-Ramsden,J (1878) ICCF email 2014}) 10... Nd8 11. Bb2 c5 12. O-O-O {[#]} (12. Nh4 $11) 12... O-O (12... d3 $1 $17 {[%mdl 512]} 13. Qb3 (13. Qxd3 $2 e4 $19 {[%mdl 64] Double Attack}) 13... Ne4) 13. Re1 $15 {[%cal Re3d4]} Qc7 (13... Bxf3 $5 14. gxf3 Ne6 $11) 14. Bd3 (14. exd4 $15 exd4 15. Ne5) 14... a6 (14... Bxf3 $17 15. gxf3 Ne6) 15. exd4 exd4 16. Ne5 Bc8 17. f4 h6 (17... Ne6 $5 {[%cal Re6f4]} 18. g3 Re8 $11) 18. Rhf1 b6 19. h3 (19. a4 $11) 19... Bb7 20. g4 (20. Bf5 $15) 20... Re8 ({Better is} 20... Ne6 $1 $17 {And now ...Rfe8 would win.} 21. bxa6 Bxa6) 21. h4 (21. bxa6 $11 Rxa6 22. g5 hxg5 23. fxg5) 21... Ne6 $1 $17 22. g5 {[#]} Nxf4 $1 {[%mdl 512]} 23. bxa6 (23. Rxf4 Rxe5) 23... Rxa6 (23... Bg2 $17 24. Rxf4 Rxe5 25. Rxe5 Qxe5 {[%mdl 64] Double Attack}) 24. gxf6 $11 Rxe5 25. Bh7+ Kh8 26. fxg7+ Kxg7 27. Rg1+ $1 Kf8 28. Rg8+ (28. Qf5 $11 {remains equal.} Ne2+ 29. Rxe2 Rxe2 30. Qf6 $1 {[%mdl 512]}) 28... Ke7 $17 29. Rf1 (29. Qd1 $17) 29... Ra8 (29... b5 $1 $19 {[%cal Rb5c4] Strongly threatening ...bxc4.} 30. cxb5 Rae6) 30. Rg7 Kf8 (30... Rf8 $17 {...Bg2 is the strong threat.} 31. Rg4 Ne6) 31. Rg8+ $1 $11 Ke7 32. Rg4 (32. Rg7 $1 $11 {was the only way to keep the balance.}) 32... Ne6 $36 {[%mdl 2048] Black has the initiative.} 33. Bf5 Rf8 34. Bxe6 (34. Kb1 $15) 34... Rxe6 $17 35. Qh7 $2 (35. Kb1 $17) 35... Ke8 $2 (35... Qe5 $1 $19 {is more deadly. Threatens to win with ...Qe2!} 36. Rgf4 Be4 37. Rxf7+ Kd6 38. Rd7+ Kc6 $1 {[%mdl 512]} 39. Rc7+ Qxc7 40. Qxc7+ Kxc7 41. Rxf8 Bd3) 36. Rg8 (36. d3 $142) 36... Qe7 (36... Be4 $1 $17 {[%cal Re4h7]} 37. Qg7 (37. Rxf8+ $2 Kxf8 38. Qh8+ Ke7 $19) 37... Qe7 38. Rxf8+ Qxf8) 37. a4 $2 {[%mdl 8192]} (37. Rxf8+ $11 Qxf8 38. d3) 37... Be4 $2 (37... Re1+ {mates} 38. Kc2 Be4+ {[%mdl 64] Double Attack} 39. d3 Bxh7 40. Rxe1 Qxe1 41. Rg2 Bxd3+ $1 {[%mdl 512]} 42. Kxd3 Qb1+ 43. Ke2 Qxb2+ 44. Kf3 Qb3+ 45. Ke2 Qe3+ 46. Kf1 d3 47. Rg7 Qe2+ 48. Kg1 d2 49. Kh1 d1=Q+ {[%mdl 64] Double Attack} 50. Rg1 Rg8 $1 {[%mdl 512]} 51. Rxd1 Qg2#) 38. Qg7 {[#]} Rxg8 $2 (38... Bd3 $1 $19 {( -> ...Re1+)} 39. Rd1 Rxg8 40. Qxg8+ Kd7) 39. Qxg8+ $11 Qf8 40. Qg4 (40. Qg3 $1 $15) 40... Bd3 {[#]} 41. Rg1 (41. Qxe6+ $1 $17 {[%mdl 512] only move.} fxe6 42. Rxf8+ Kxf8 43. Ba3) 41... Qe7 42. Qg3 Rg6 ({Black should try} 42... Bxc4 $19 {White must now prevent ...Kd7.} 43. Qb8+ Kd7 44. Qb7+ {[#]} Kd6 $1 {[%mdl 512]} 45. Qxb6+ Kd5 $1 {[%mdl 512]}) 43. Qb8+ $17 Kd7 (43... Qd8 $17 {[%cal Rg6g1]} 44. Rxg6 fxg6 45. Qxd8+ Kxd8) 44. Qb7+ $15 Kd8 {[%cal Rg6g1]} 45. Qb8+ {[#]} Kd7 $1 {[%cal Rg6g1]} 46. Qb7+ Kd8 {[%cal Rg6g1]} 47. Qb8+ {Accuracy: White = 19%, Black = 22%.} 1/2-1/2

[Event "GCT Saint Louis Blitz 2019"]
[Site "Saint Louis"]
[Date "2019.08.13"]
[Round "4"]
[White "Ding, Liren"]
[Black "Carlsen, Magnus"]
[Result "1-0"]
[WhiteElo "2805"]
[BlackElo "2882"]
[Annotator "TA"]
[PlyCount "63"]
[EventDate "2019.08.13"]
[EventType "tourn"]
[EventCountry "USA"]
[SourceTitle "playchess.com"]
[Source "ChessBase"]
[SourceQuality "1"]

{[%evp 17,109,15,24,18,25,16,21,33,43,0,89,70,85,57,43,35,27,31,53,19,19,12,23,12,47,20,115,75,61,47,247,245,244,245,242,242,242,225,291,291,427,422,6131,6131,6070,5930,5285,5281,5081,617,617,613,599,550,1671,1563,1570,1559,1488,1404,1708,1656,1936,1067,1284,1254,29986,0,955,1024,1062,693,868,833,961,960,4143,2266,5061,2155,29959,6520,29982,29972,29958,618,29983,29971,29974,29975,29972,29973,29997,29998]} 1. d4 Nf6 2. c4 e6 3. Nf3 d5 4. Nc3 Be7 5. Bf4 O-O 6. e3 b6 7. cxd5 Nxd5 8. Nxd5 exd5 9. Bd3 c5 10. b3 {D37: Queen's Gambit Declined: 5 Bf4} (10. O-O c4 11. Bb1 Nc6 12. b3 Be6 13. bxc4 dxc4 14. Qa4 Qd7 15. Qb5 f5 16. Rc1 Qd5 17. a4 Na5 {0-1 (38) Fedoseev,V (2724)-Friedel,J (2562) chess.com INT 2018}) 10... Nc6 11. O-O Be6 12. Rc1 {The position is equal.} a5 13. h3 $146 ({Predecessor:} 13. Qe2 h6 14. Rfd1 Qc8 15. Bb5 Qb7 16. dxc5 bxc5 17. h3 Qb6 {1-0 (89) Batsiashvili,N (2417)-Pogonina,N (2508) Plovdiv 2014}) 13... g6 (13... a4 $11) 14. Bb5 Qc8 15. dxc5 bxc5 16. Nd4 Nxd4 17. exd4 Qb7 18. a4 Rfc8 19. Re1 (19. Qd3 {with more complications.} Bf8 20. Be3 cxd4 21. Bxd4 Bh6 22. Qe2) 19... cxd4 20. Qxd4 Rxc1 21. Rxc1 Rc8 (21... Qa7 $11 {remains equal.} 22. Qe5 Bf8) 22. Rxc8+ Qxc8 23. Bd2 $40 {[%mdl 128] And now Bc3 would win. Black needs to defend precisely.} Qc7 $2 (23... Bc5 $14 24. Qf6 Qc7) 24. Bc3 $1 $18 {[%csl Gc3][%cal Rd4h8]} f6 {[#]} 25. b4 $1 axb4 26. Bxb4 Bxb4 27. Qxb4 Kg7 28. a5 d4 (28... Bc8 {was worth a try.} 29. Qa3 Bf5) 29. a6 Qb6 (29... d3 $142 30. Bxd3 Bd5) 30. Qe7+ Kh6 31. a7 Bd5 {[#]} 32. Qf8+ {Played: Bb5-c4} 1-0